Statistics for Top 10 Highest Rated Anime of 2017

Click here to take the quiz!

General Stats

  • This quiz has been taken 88 times
  • The average score is 2 of 10

Answer Stats

RatingAnswer% Correct
8.57One Piece
65%
8.8Attack on Titan
63%
7.48Boruto: Naruto Next Generations
21%
8.77Boku no Hero Academia
18%
7.59Re: Creators
11%
8.25Detective Conan
5%
7.91Little Witch Academia
4%
7.81Tsuki ga Kirei
1%
8.00Yowamushi Pedal: New Generation
1%
8.01Shingeki no Bahamut: Virgin Soul
0%

Score Distribution

Percentile by Number Answered

Percent of People with Each Score

Your Score History

You have not taken this quiz